Lucy Salisbury Doolittle papers, (Record no. 42701)

MARC details
000 -LEADER
fixed length control field 00966cpcaa2200241 4500
001 - CONTROL NUMBER
control field mm 80003678
003 - CONTROL NUMBER IDENTIFIER
control field DLC
005 - DATE AND TIME OF LATEST TRANSACTION
control field 20260227111702.0
008 - FIXED-LENGTH DATA ELEMENTS--GENERAL INFORMATION
fixed length control field 800304|||||||||||| eng
010 ## - LIBRARY OF CONGRESS CONTROL NUMBER
LC control number mm 80003678
040 ## - CATALOGING SOURCE
Original cataloging agency DLC
Transcribing agency DLC
Description conventions dacs
Modifying agency DLC
072 #7 - SUBJECT CATEGORY CODE
Subject category code G
Source lcmd
100 1# - MAIN ENTRY--PERSONAL NAME
Personal name Doolittle, Lucy Salisbury,
Dates associated with a name 1832-1908.
245 00 - TITLE STATEMENT
Title Lucy Salisbury Doolittle papers,
Inclusive dates 1864-1867.
300 ## - PHYSICAL DESCRIPTION
Extent 11
Type of unit items.
506 0# - RESTRICTIONS ON ACCESS NOTE
Terms governing access Open to research.
533 ## - REPRODUCTION NOTE
Type of reproduction In part, negative photocopies and typewritten transcript from originals in the hands of Mrs. L.A. Bauer.
Place of reproduction Washington, D.C. :
Agency responsible for reproduction Library of Congress Photoduplication Service,
Date of reproduction 1938.
545 0# - BIOGRAPHICAL OR HISTORICAL DATA
Biographical or historical data Educator. Born Lucy Salisbury.
546 ## - LANGUAGE NOTE
Language note Collection material in English.
580 ## - LINKING ENTRY COMPLEXITY NOTE
Linking entry complexity note Forms part of: Miscellaneous Manuscripts collection.
656 #7 - INDEX TERM--OCCUPATION
Occupation Educators.
Source of term itoamc

No items available.

Powered by Koha